[Event "ECC"]
[Site "Panormo GRE"]
[Date "2001.09.24"]
[Round "2"]
[White "Ponomariov,R"]
[Black "Mitkov,N"]
[Result "1-0"]
[WhiteElo "2684"]
[BlackElo "2547"]

1.e4 d6 2.d4 Nf6 3.Nc3 e5 4.Nf3 Nbd7 5.Bc4 Be7 6.O-O O-O 7.Re1 c6 8.a4 a5
9.b3 exd4 10.Qxd4 Ng4 11.h3 Bf6 12.Qd2 Nge5 13.Be2 Nxf3+ 14.Bxf3 Ne5 15.Be2 Qb6
16.Ba3 Rd8 17.Rad1 Be6 18.Qf4 Ng6 19.Qf3 Be5 20.Bf1 Rac8 21.g3 d5 22.exd5 cxd5
23.Nxd5 Bxd5 24.Rxd5 Rxd5 25.Qxd5 Rxc2 26.Re3 Rc3 27.Rxe5 Rxg3+ 28.Kh1 Nxe5
29.fxg3 Qf6 30.Kg2 Nc6  1-0

[Event "ECC"]
[Site "Panormo GRE"]
[Date "2001.09.26"]
[Round "4"]
[White "Salai,L"]
[Black "Komliakov,V"]
[Result "1/2-1/2"]
[WhiteElo "2418"]
[BlackElo "2484"]

1.e4 d6 2.d4 Nf6 3.Nc3 e5 4.Nf3 Nbd7 5.Bc4 Be7 6.O-O O-O 7.Re1 c6 8.a4 a5
9.h3 exd4 10.Nxd4 Nc5 11.Ba2 Be6 12.Nxe6 fxe6 13.Bg5 h6 14.Bh4 d5 15.exd5 exd5
16.Qe2 Bd6 17.Rad1 g5 18.Bg3 Bxg3 19.fxg3 Qd6 20.Qf2 Rae8 21.Rxe8 Rxe8 22.Ne2 Nce4
23.Qf3 Qe5 24.c3 g4 25.hxg4 Ng5 26.Qd3 Qe3+ 27.Qxe3 Rxe3 28.Nd4 Nxg4 29.c4 Nf6
30.cxd5 cxd5 31.Nf5 Re5 32.Nd6 b6 33.Nc8 Re2 34.Nxb6 Rxb2 35.Bxd5+ Nxd5 36.Nxd5  1/2-1/2

[Event "ECC"]
[Site "Panormo GRE"]
[Date "2001.09.26"]
[Round "4"]
[White "Grabarczyk,B"]
[Black "Vassallo,M"]
[Result "1/2-1/2"]
[WhiteElo "2439"]
[BlackElo "2470"]

1.e4 d6 2.d4 Nf6 3.Nc3 e5 4.Nf3 exd4 5.Nxd4 g6 6.Be2 Bg7 7.O-O O-O 8.Re1 Nc6
9.Nxc6 bxc6 10.f4 Re8 11.Bf3 Bb7 12.Be3 Qc8 13.Bf2 Nd7 14.Bd4 Bh6 15.g3 c5
16.Bf2 Bg7 17.Rb1 Rb8 18.Bg2 Bc6 19.Qd3 Qb7 20.Bh3 Rbd8 21.Nd5 Bxd5 22.Qxd5 Qxd5  1/2-1/2

[Event "ECC"]
[Site "Panormo GRE"]
[Date "2001.09.27"]
[Round "5"]
[White "Berzinsh,R"]
[Black "Pribyl,J"]
[Result "1-0"]
[WhiteElo "2478"]
[BlackElo "2397"]

1.e4 d6 2.d4 Nf6 3.Nc3 e5 4.Nge2 c6 5.f3 Nbd7 6.Be3 b5 7.g4 Bb7 8.Qd2 b4
9.Nd1 d5 10.g5 Nh5 11.exd5 cxd5 12.Nf2 Bd6 13.Ng3 Nxg3 14.hxg3 f5 15.O-O-O Qa5
16.Kb1 O-O-O 17.Nd3 e4 18.Bf4 Qb6 19.Bxd6 Qxd6 20.Qf4 Kc7 21.Ne5 Nxe5 22.dxe5 Qe6
23.Rd4 a5 24.fxe4 fxe4 25.Bh3 Qe7 26.e6+ Rd6 27.c4 dxc4 28.Rhd1 Rd8 29.Qe5 e3
30.Bg4 c3 31.Qxa5+ Kb8 32.Qe5 Kc7 33.Rxb4 cxb2 34.Kxb2 h6 35.Rc4+ Bc6 36.Bf3 Rb8+
37.Ka1 Rb6 38.Rdc1 Kd8 39.Rxc6 Rdxc6 40.Rxc6 Rxc6 41.Bxc6 Qa3 42.e7+  1-0

[Event "ECC"]
[Site "Panormo GRE"]
[Date "2001.09.27"]
[Round "5"]
[White "Kishnev,S"]
[Black "Azmaiparashvili,Z"]
[Result "0-1"]
[WhiteElo "2498"]
[BlackElo "2674"]

1.d4 d6 2.e4 Nf6 3.Nc3 e5 4.dxe5 dxe5 5.Qxd8+ Kxd8 6.Nf3 Bd6 7.Bc4 Ke7 8.Bg5 c6
9.O-O-O Bc7 10.h3 Nd7 11.Rhe1 h6 12.Bd2 b5 13.Bf1 Bb6 14.Be3 Re8 15.Bxb6 axb6
16.a3 Kd8 17.Nh4 g6 18.Be2 Kc7 19.Bg4 Nxg4 20.hxg4 Nf6 21.f3 h5 22.gxh5 Nxh5
23.Ne2 b4 24.g4 Ng7 25.Kb1 bxa3 26.b3 Ne6 27.Ka2 Ba6 28.c4 b5 29.cxb5 Bxb5
30.Nc3 Nf4 31.Rd2 Red8 32.Red1 Rxd2+ 33.Rxd2 Bf1 34.Nd1 Nd3 35.Ne3 Nc1+ 36.Kb1 a2+
37.Rxa2 Rxa2 38.Kxc1 Rh2 39.Nxf1 Rh1 40.Kd2 Rxf1 41.Ke2 Rb1  0-1

[Event "ECC"]
[Site "Panormo GRE"]
[Date "2001.09.28"]
[Round "6"]
[White "Gunnarsson,J"]
[Black "Pribyl,J"]
[Result "1-0"]
[WhiteElo "2404"]
[BlackElo "2397"]

1.e4 d6 2.d4 Nf6 3.Nc3 e5 4.Nf3 Nbd7 5.Bc4 Be7 6.O-O O-O 7.Re1 c6 8.a4 b6
9.h3 Bb7 10.Ba2 a6 11.dxe5 dxe5 12.Nh4 b5 13.Nf5 b4 14.Nb1 Nc5 15.Qf3 Bc8
16.Nd2 Ne8 17.Nc4 Bf6 18.Be3 Ne6 19.Bb6 Qd7 20.Rad1 Qb7 21.a5 Qb8 22.Ncd6 Nxd6
23.Rxd6 Ng5 24.Qd3 Nxe4 25.Nh6+ gxh6 26.Rxe4 Bg7 27.Rd8 Qb7 28.Bc5 Bf5 29.Bxf8 Bxf8
30.Rxa8 Qxa8 31.Qb3 Bg6 32.Rxe5 Qd8 33.Re1 Qd2 34.Rf1 c5 35.f4 Bd6 36.Qc4 Qe3+
37.Kh1 h5 38.Qd5 Bxf4 39.Qf3 Be4 40.Qxe3 Bxe3 41.Re1  1-0

[Event "Chigorin Mem Open"]
[Site "St Petersburg RUS"]
[Date "2001.10.01"]
[Round "7"]
[White "Timagin,P"]
[Black "Matjushin,G"]
[Result "1/2-1/2"]
[WhiteElo "2297"]
[BlackElo "2372"]

1.e4 d6 2.d4 Nf6 3.Nc3 e5 4.Nf3 exd4 5.Nxd4 Be7 6.g3 Bg4 7.f3 Bd7 8.Be3 O-O
9.Qd2 Nc6 10.O-O-O Nxd4 11.Bxd4 Bc6 12.Bc4 Nd7 13.Nd5 Ne5 14.Nxe7+ Qxe7 15.Bxe5  1/2-1/2

[Event "Chigorin Mem Open"]
[Site "St Petersburg RUS"]
[Date "2001.10.01"]
[Round "7"]
[White "Matlakov,M"]
[Black "Drozdova,D"]
[Result "1-0"]
[WhiteElo "2272"]
[BlackElo "2172"]

1.e4 d6 2.d4 Nf6 3.Nc3 e5 4.Nf3 Nbd7 5.Bc4 Be7 6.O-O O-O 7.h3 c6 8.a4 b6
9.Qe2 Qc7 10.Bg5 a6 11.d5 c5 12.Nh2 Re8 13.Nd1 Nf8 14.Bxf6 Bxf6 15.Ne3 g6
16.c3 Bg7 17.Bd3 Qe7 18.b4 f5 19.bxc5 bxc5 20.Nc4 Rb8 21.Na5 Bd7 22.Bxa6 fxe4
23.Bb5 Qh4 24.Bxd7 Nxd7 25.Nc6 Ra8 26.a5 Nb8 27.Rfb1 Nxc6 28.dxc6 e3 29.fxe3 Rec8
30.e4 Qd8 31.Qb5 Qc7 32.a6 Qxc6 33.Qxc6 Rxc6 34.a7 Rcc8 35.Ng4 d5 36.Ne3 Bf8
37.Nxd5 c4 38.Rb7 Bd6 39.Nf6+ Kf8 40.Nxh7+ Ke8 41.Ra6 Bc5+ 42.Kh2 Kd8 43.Rxg6  1-0

[Event "10th Monarch Assurance"]
[Site "Port Erin IOM"]
[Date "2001.10.02"]
[Round "4"]
[White "Gallagher,Jo"]
[Black "Willmoth,R"]
[Result "1/2-1/2"]
[WhiteElo "2516"]
[BlackElo "2239"]

1.e4 d6 2.d4 Nf6 3.Nc3 c6 4.f4 Qa5 5.Bd3 e5 6.Nf3 Bg4 7.Be3 Nbd7 8.O-O Be7
9.h3 Bh5 10.Kh1 O-O 11.dxe5 dxe5 12.f5 Bxf3 13.Qxf3 Nc5 14.g4 Nxd3 15.cxd3 Nd7
16.g5 f6 17.Rg1 fxg5 18.Bxg5 Nf6 19.Rg3 Rf7 20.Rag1 Kh8 21.a3 Rd8 22.Bd2 Qb6
23.Nd1 Bc5 24.R1g2 Qb3 25.Bg5 Rd6 26.Kh2 Rfd7 27.Bxf6 Rxf6 28.Qh5 Rxd3 29.Rxd3 Qxd3
30.Nf2 Qd2 31.b4 Qf4+ 32.Kh1 Bf8 33.Qe2 Rd6 34.Nd3 Qh4 35.Nxe5 Qf6 36.Nf3 Qa1+
37.Kh2 Rd1 38.e5 Rh1+ 39.Kg3 Qxa3 40.b5 cxb5 41.Qe4 Qe7 42.Rc2 Rd1 43.Rc8 Kg8
44.Qe3 Rd8 45.Rxd8 Qxd8 46.Qb3+ Kh8 47.Qxb5 Qc8 48.Qd3 Be7 49.Nd4 a6 50.Qb3 h6
51.Qf7 Qc3+ 52.Nf3 Qc5 53.Qe8+ Bf8 54.Nh4 Qe3+  1/2-1/2

[Event "10th Monarch Assurance"]
[Site "Port Erin IOM"]
[Date "2001.10.02"]
[Round "4"]
[White "Gormally,D"]
[Black "Valenti,R"]
[Result "1/2-1/2"]
[WhiteElo "2481"]
[BlackElo "2143"]

1.d4 d6 2.e4 Nf6 3.Nc3 c6 4.f4 Qa5 5.e5 Ne4 6.Qf3 d5 7.Bd3 Na6 8.Ne2 Nb4
9.O-O Nxd3 10.cxd3 Nxc3 11.bxc3 g6 12.a4 h5 13.Ba3 Bg4 14.Qe3 Bxe2 15.Bb4 Qa6
16.Qxe2 e6 17.Bxf8 Rxf8 18.a5 O-O-O 19.Rfb1 Rd7 20.Qe3 Kc7 21.Rb4 Rfd8 22.h3 Kc8
23.g4 hxg4 24.hxg4 Kc7 25.Kg2 Rh8 26.Rbb1 Kc8 27.Qf3 Re7 28.f5 gxf5 29.gxf5 Kd7
30.Kf2 Rg8 31.Ke3 Rg5 32.f6 Re8 33.Rg1 Rxg1 34.Rxg1 Qxa5 35.Qh5 Rf8 36.Rg7 Ke8
37.Kd2 Qa2+ 38.Ke3 Qa3 39.Qh3 Qc1+ 40.Ke2 Qc2+ 41.Ke3 Qc1+ 42.Ke2 Qc2+ 43.Ke3  1/2-1/2

[Event "Chigorin Mem Open"]
[Site "St Petersburg RUS"]
[Date "2001.10.02"]
[Round "8"]
[White "Grigoriants,S RUS"]
[Black "Turikov,V"]
[Result "1-0"]
[WhiteElo "2441"]
[BlackElo "2360"]

1.e4 d6 2.d4 Nf6 3.Nc3 c6 4.h3 Qa5 5.Bd3 e5 6.Nf3 Be7 7.O-O O-O 8.Bd2 Qc7
9.a4 a5 10.Re1 h6 11.Bc4 Nbd7 12.Qc1 exd4 13.Nxd4 Ne5 14.Bf1 Re8 15.f4 Ned7
16.Nb3 Bf8 17.Bd3 Nb8 18.Nd1 Be6 19.Nd4 Na6 20.Bc3 Nc5 21.Nf2 Qb6 22.Nxe6 Rxe6
23.f5 Re7 24.Qf4 Ncd7 25.Kh1 Ne5 26.Rad1 Qc5 27.Bf1 Ree8 28.Nd3 Nxd3 29.cxd3 Be7
30.d4 Qb6 31.Bd3 Bf8 32.g4 Qd8 33.Kg2 Rb8 34.Qd2 Ra8 35.Qf4 Rb8 36.Qf3 Nd7
37.e5 Ra8 38.f6 gxf6 39.Qf5 Bg7 40.Qh7+ Kf8 41.exd6 f5 42.Rxe8+ Qxe8 43.Qxf5 Nf6
44.d5  1-0

[Event "Chigorin Mem Open"]
[Site "St Petersburg RUS"]
[Date "2001.10.02"]
[Round "8"]
[White "Sepman,Y"]
[Black "Voinov,A"]
[Result "0-1"]
[WhiteElo "2370"]
[BlackElo "2239"]

1.e4 d6 2.d4 Nf6 3.Nc3 e5 4.Nf3 Nbd7 5.Be2 Be7 6.O-O O-O 7.Re1 c6 8.a4 Qc7
9.Bf1 Re8 10.h3 b6 11.g3 Bb7 12.Bg2 a6 13.b3 b5 14.Bb2 Bf8 15.axb5 axb5 16.Rxa8 Bxa8
17.Nb1 Qa5 18.Nbd2 Bb7 19.Qa1 Qc7 20.Kh2 c5 21.dxe5 dxe5 22.c4 b4 23.Nh4 g6
24.Bf3 Nb8 25.Ng2 Nc6 26.Ne3 Nd4 27.Bg2 Bh6 28.Qd1 Qd6 29.f3 Ra8 30.Ndf1 Ra2
31.Qb1 Qa6 32.Bxd4 cxd4 33.Nc2 Qa5 34.Rd1 Nd7 35.Kh1 Nc5 36.h4 Kg7 37.Bh3 Nxe4  0-1

[Event "Chigorin Mem Open"]
[Site "St Petersburg RUS"]
[Date "2001.10.02"]
[Round "8"]
[White "Lysova,O"]
[Black "Krapivin,V"]
[Result "0-1"]
[WhiteElo "2212"]
[BlackElo "2318"]

1.e4 d6 2.d4 Nf6 3.Nc3 e5 4.Nf3 Nbd7 5.Bc4 Be7 6.h3 O-O 7.Be3 c6 8.a4 b6
9.O-O a6 10.Nh4 exd4 11.Bxd4 c5 12.Be3 Bb7 13.Nf5 Ne5 14.Ba2 Re8 15.f3 Bf8
16.Qd2 Bc8 17.f4 Nc6 18.g4 Nb4 19.Bb3 Qc7 20.e5 Bxf5 21.exf6 Bd7 22.fxg7 Bxg7
23.f5 Rxe3 24.f6 Bh6 25.g5 Rg3+ 26.Kf2 Bxg5 27.Nd5 Nxd5 28.Qxd5 Bc6 29.Qxf7+ Qxf7
30.Bxf7+ Kxf7 31.Kxg3 Bxf6 32.Rad1 Rg8+  0-1

[Event "TCh-BUL w"]
[Site "Pamporovo BUL"]
[Date "2001.10.03"]
[Round "1"]
[White "Dragasevic Georgieva,A"]
[Black "Dimitrova,L"]
[Result "0-1"]
[WhiteElo "2151"]
[BlackElo "2123"]

1.e4 d6 2.d4 Nf6 3.Nc3 c6 4.f3 Nbd7 5.Be3 e5 6.Qd2 Be7 7.Bc4 b5 8.Bb3 O-O
9.a4 b4 10.Nce2 a5 11.Ng3 exd4 12.Bxd4 c5 13.Be3 Ne5 14.N1e2 Be6 15.Bxe6 fxe6
16.b3 d5 17.Nf4 Ra6 18.Qe2 Qa8 19.exd5 Nxd5 20.Nxd5 exd5 21.O-O Ng6 22.Rad1 Re6
23.Qd3 Qc6 24.Bc1 Rd8 25.Rfe1 Bf6 26.Rxe6 Qxe6 27.Qe2 Qc6 28.Re1 Kf7 29.Nf5 Qd7
30.g4 Rc8 31.Qa6 Rc6 32.Qxa5 Ne5 33.Kg2 g6 34.Nh6+ Kg7 35.g5 Nxf3 36.Rf1 Bxg5
37.Bxg5 Nxg5 38.Qa8 Kxh6 39.Qf8+ Kh5 40.Kh1 Qg4 41.Re1 Rc7 42.Re5 Qd1+ 43.Kg2 Qxc2+
44.Kh1 Qc1+  0-1

[Event "Chigorin Mem Open"]
[Site "St Petersburg RUS"]
[Date "2001.10.03"]
[Round "9"]
[White "Potkin,V"]
[Black "Zablotsky,S"]
[Result "1/2-1/2"]
[WhiteElo "2483"]
[BlackElo "2353"]

1.e4 d6 2.d4 Nf6 3.Nc3 e5 4.Nf3 Nbd7 5.Bc4 Be7 6.O-O O-O 7.Re1 c6 8.a4 Qc7
9.h3 b6 10.Qe2 Bb7 11.Bg5 a6 12.dxe5 Nxe5 13.Nd4 b5 14.Ba2 h6 15.Bh4 Rfe8
16.Nf5 Rad8 17.Qe3 Bc8 18.Nxe7+ Qxe7 19.Qb6 Bxh3  1/2-1/2

[Event "Tatry Open"]
[Site "High Tatras SVK"]
[Date "2001.10.05"]
[Round "8"]
[White "Garancovsky,P"]
[Black "Goban,M"]
[Result "0-1"]
[WhiteElo "2089"]
[BlackElo "2202"]

1.e4 d6 2.d4 Nf6 3.Nc3 c6 4.g3 Qa5 5.Bg2 e5 6.Ne2 Be7 7.O-O O-O 8.h3 b5 9.Qd2 Qc7
10.b3 Bb7 11.Bb2 Nbd7 12.Nd1 c5 13.d5 c4 14.Ne3 g6 15.a4 Nc5 16.Nc3 cxb3
17.Nxb5 Qd7 18.Qb4 a5 19.Qc4 bxc2 20.Qxc2 Ba6 21.Rfb1 Nxa4 22.Nc7 Rac8 23.Qxa4 Qxa4
24.Rxa4 Rxc7 25.Ba3 Rb7 26.Rxb7 Bxb7 27.Nc4 Rd8 28.Rxa5 Bf8 29.Ra7 Bc8 30.Nb6 Bd7
31.Bf1 Be8 32.Bd3 Rb8 33.Ra6 Nxe4 34.Bxe4 Bb5 35.Nd7 Bxd7 36.Bxd6 Bxd6 37.Rxd6 Bxh3
38.Kh2 Bf1 39.g4 Bb5 40.Kg3 Kf8 41.f4 exf4+ 42.Kxf4 Ke7 43.Ke5 h6 44.Bxg6 fxg6
45.Rxg6 Rh8 46.Rg7+ Kd8 47.Kd6 Ba6 48.Kc6 Bc8 49.d6 Be6 50.Ra7 Rg8 51.d7 Ke7
52.d8=Q+ Kxd8 53.Rh7 Rg6 54.Rh8+ Bg8+ 55.Kc5 Ke7 56.Kd4 Kf6 57.g5+ Kxg5 58.Ke5 Re6+
59.Kd5 Re8+ 60.Kd4 Kg6  0-1

[Event "TCh-BUL"]
[Site "Pamporovo BUL"]
[Date "2001.10.05"]
[Round "4"]
[White "Delchev,A"]
[Black "Georgiev,Vl"]
[Result "0-1"]
[WhiteElo "2629"]
[BlackElo "2584"]

1.e4 d6 2.d4 Nf6 3.Nc3 e5 4.Nf3 Nbd7 5.g3 c6 6.Bg2 b5 7.O-O Bb7 8.Bg5 Be7
9.Bxf6 Bxf6 10.d5 Nb6 11.dxc6 Bxc6 12.Qd3 a6 13.Rfd1 Be7 14.a3 O-O 15.Nd2 Rc8
16.Nf1 Nc4 17.Rab1 Bg5 18.Qe2 Bb7 19.Nd5 Rc5 20.b4 Rc8 21.Rb3 Bxd5 22.Rxd5 Rc6
23.h4 Bh6 24.Nh2 g6 25.Ng4 Bg7 26.Ne3 Nb6 27.Rd1 Qc7 28.Rbd3 Rd8 29.h5 Bh6
30.Ng4 Bg5 31.Qf3 Qe7 32.hxg6 hxg6 33.Rc3 Rdc8 34.Rxc6 Rxc6 35.c3 Kg7 36.Bh3 Qc7
37.Rd3 Nc4 38.Qe2 Nxa3 39.f4 exf4 40.e5 Rxc3 41.exd6 Qb6+ 42.Kh1 Rxd3 43.Qxd3 Qc6+
44.Bg2 Qc1+ 45.Kh2 Qb2 46.d7 Nc2 47.Qe2 Qc3 48.gxf4 Bxf4+ 49.Kh1 Nd4 50.Qf2 Qc1+
51.Bf1 Ne6 52.d8=Q Nxd8 53.Qd4+ Kh7 54.Nf6+ Kh6 55.Ng8+ Kh5 56.Qh8+ Kg5 57.Qh6+ Kf5
58.Qh3+ Ke5 59.Qh8+ Ke4 60.Nf6+ Kf5  0-1

[Event "TCh-BUL w"]
[Site "Pamporovo BUL"]
[Date "2001.10.06"]
[Round "5"]
[White "Georgieva,L"]
[Black "Dimitrova,L"]
[Result "1-0"]
[WhiteElo "2233"]
[BlackElo "2123"]

1.e4 d6 2.d4 Nf6 3.Nc3 c6 4.Be3 Nbd7 5.a4 Qa5 6.f3 e5 7.Ne2 Be7 8.Nc1 O-O
9.Nb3 Qc7 10.Qd2 Re8 11.O-O-O a6 12.g4 b5 13.g5 Nh5 14.a5 exd4 15.Nxd4 b4
16.Nb1 c5 17.Nf5 Ne5 18.Nxe7+ Qxe7 19.Be2 Bh3 20.Rhg1 Ng6 21.Qxd6 Qxd6 22.Rxd6 Nhf4
23.Bxa6 Rxa6 24.Rxa6 Ne2+ 25.Kd1 Nxg1 26.Bxg1 Rd8+ 27.Ke1 Ne5 28.Nd2 c4 29.Bd4 Ng6
30.c3 Be6 31.Rc6 bxc3 32.bxc3 Ne7 33.Rc7 Rd7 34.Rxd7 Bxd7 35.Nxc4 Bb5 36.Nd6 Ba6
37.Ne8  1-0

[Event "TCh-BUL"]
[Site "Pamporovo BUL"]
[Date "2001.10.06"]
[Round "5"]
[White "Ilchov,R"]
[Black "Nikolov,S"]
[Result "0-1"]
[WhiteElo "2115"]
[BlackElo "2350"]

1.e4 d6 2.d4 Nf6 3.Nc3 c6 4.a4 e6 5.Nf3 d5 6.e5 Nfd7 7.Ne2 c5 8.c3 Nc6 9.g3 b6
10.Bf4 Ba6 11.h4 Rc8 12.Bh3 Be7 13.O-O cxd4 14.Nexd4 Nxd4 15.Nxd4 Bxf1 16.Kxf1 Nc5
17.Qg4 g6 18.h5 Qd7 19.a5 Nb3 20.Nxb3 Qb5+ 21.Kg2 Qxb3 22.axb6 Qxb6 23.Be3 Bc5
24.Bg5 gxh5 25.Qh4 Rg8 26.b4 Bxf2 27.Rf1 h6 28.Bf4 Be3 29.Qxh5 Rg6 30.Qf3 Bxf4
31.Qxf4 Qb7 32.Rf3 Rc4 33.Qe3 Qc7 34.Kh2 Re4 35.Qf2 Rxe5 36.Bf1 Reg5 37.Bd3 Rg7  0-1

[Event "10th Monarch Assurance"]
[Site "Port Erin IOM"]
[Date "2001.10.07"]
[Round "9"]
[White "Crouch,C"]
[Black "Willmoth,R"]
[Result "1/2-1/2"]
[WhiteElo "2407"]
[BlackElo "2239"]

1.d4 d6 2.e4 Nf6 3.Nc3 c6 4.Bg5 Qb6 5.Rb1 Nbd7 6.Nf3 e5 7.Be2 Be7 8.O-O O-O
9.h3 Re8 10.Re1 h6 11.Be3 Qc7 12.a4 a6 13.d5 cxd5 14.Nxd5 Nxd5 15.exd5 f5
16.c4 a5 17.Rc1 f4 18.Bd2 Nc5 19.Bc3 Bd7 20.b3 Bf5 21.Bf1 Bf6 22.Nd2 Qb6
23.Kh1 Rf8 24.g3 fxg3 25.fxg3 Rae8 26.Ra1 Bg6 27.b4 axb4 28.a5 Qc7 29.Bxb4 e4
30.Rc1 e3 31.Nb3 Ne4 32.Kg1 Nf2 33.Qf3 Bc3 34.Qxf8+ Kxf8 35.Rxc3 e2 36.Kxf2 exf1=Q+
37.Rxf1 Qd7 38.g4 Kg8 39.Kg1 Qe7 40.Nd4 Qe5 41.Nb5 Qe2 42.Nxd6 Qb2 43.Nxe8 Qxb4
44.Rcf3 Bxe8 45.Rf8+ Qxf8 46.Rxf8+ Kxf8 47.Kf2 Ke7 48.Ke3 Bd7 49.c5 Bb5 50.Kd4 g5
51.Ke5 Bd3 52.c6 bxc6 53.dxc6 Kd8 54.Kf6 Bf1  1/2-1/2

[Event "ch-SLO"]
[Site "Grize SLO"]
[Date "2001.10.08"]
[Round "8"]
[White "Novak,G"]
[Black "Sirnik,B"]
[Result "1-0"]
[WhiteElo "2160"]
[BlackElo "2156"]

1.e4 d6 2.d4 Nf6 3.Nc3 e5 4.Nf3 Nbd7 5.a4 Be7 6.Bc4 O-O 7.O-O a5 8.h3 exd4
9.Nxd4 Nb6 10.Be2 d5 11.e5 Ne4 12.Nxe4 dxe4 13.Nb5 Bf5 14.c4 Nd7 15.Nd4 Bg6
16.e6 Ne5 17.exf7+ Rxf7 18.Ne6 Qc8 19.Nf4 Bf5 20.Qd5 Ng6 21.Nxg6 hxg6 22.Be3 c6
23.Qd2 Bb4 24.Qc2 Qe8 25.c5 Rd7 26.Bc4+ Kh7 27.g4 Be6 28.Qxe4 Bxc4 29.Qxc4 Rad8
30.Qc2 Rd5 31.Rad1 Qe6 32.Qc4 R8d7 33.Rxd5 Rxd5 34.Kg2 Qe7 35.Rc1 Qf6 36.Qc2 Qe7
37.b3 Qe5 38.Qc4 Qe7 39.Rc2 Qd8 40.Qe4 Rd3 41.Rc4 Bc3 42.h4 Qd5 43.h5 Qxe4+
44.Rxe4 gxh5 45.gxh5 Bf6 46.b4 Rb3 47.bxa5 Bd8 48.a6 bxa6 49.Re6 Ra3 50.Rxc6 Rxa4
51.Rc8 Bf6 52.Kf3 g5 53.hxg6+ Kxg6 54.c6 Kf5 55.c7 Rc4 56.Bb6 Ke6 57.Rd8  1-0

[Event "ULIM Cup"]
[Site "Kishnev MDA"]
[Date "2001.10.09"]
[Round "3"]
[White "Fingerov,D"]
[Black "Sheremetieva,M"]
[Result "1/2-1/2"]
[WhiteElo "2419"]
[BlackElo "2308"]

1.e4 d6 2.d4 Nf6 3.Nc3 e5 4.Nf3 Nbd7 5.Bc4 Be7 6.O-O O-O 7.a4 c6 8.h3 exd4
9.Nxd4 d5 10.exd5 Nb6 11.Bb3 Nbxd5 12.Nxd5 Nxd5 13.Qf3 Bf6 14.Rd1 Qb6 15.a5 Qc5
16.c4 Nc7 17.Be3 Qe7 18.Nf5 Bxf5 19.Qxf5 Ne6 20.a6 b6 21.Ba4 Rfd8 22.Bxc6 Bxb2
23.Rab1  1/2-1/2

[Event "FSIMB October"]
[Site "Budapest HUN"]
[Date "2001.10.10"]
[Round "5"]
[White "Farago,S"]
[Black "Rebers,E"]
[Result "0-1"]
[WhiteElo "2323"]
[BlackElo "2315"]

1.e4 d6 2.d4 Nf6 3.Nc3 e5 4.Nf3 Nbd7 5.Be2 Be7 6.O-O O-O 7.h3 c6 8.a4 b6
9.Re1 a6 10.Bg5 Bb7 11.Bxf6 Bxf6 12.d5 c5 13.Nd2 Be7 14.Nc4 g6 15.Rf1 Qc7
16.Bg4 Bc8 17.f4 exf4 18.Rxf4 Bf6 19.Qe2 Bd4+ 20.Kh1 Ne5 21.Bxc8 Raxc8 22.Nd1 Nxc4
23.Qxc4 Ra8 24.c3 Be5 25.Rf3 b5 26.Qf1 c4 27.Ne3 h5 28.Nc2 Rfe8 29.Nb4 Bg7
30.Re1 Be5 31.Nc6 Rac8 32.Qf2 Qd7 33.Rf1 Rf8 34.axb5 axb5 35.Qb6 Bg7 36.Qxb5 Rb8
37.Qxc4 Rxb2 38.Qd3 Ra8 39.Rxf7 Qxf7 40.Rxf7 Kxf7 41.Qf3+ Bf6 42.c4 Kg7 43.e5 dxe5
44.h4 Ra1+ 45.Kh2 Rbb1 46.g3 Rb2+ 47.Kh3 Raa2 48.Qh1 e4 49.d6 e3 50.Nb4 Rxb4
51.d7 Rbb2 52.c5 Rh2+  0-1

[Event "ULIM Cup"]
[Site "Kishnev MDA"]
[Date "2001.10.11"]
[Round "5"]
[White "Khruschiov,A"]
[Black "Sheremetieva,M"]
[Result "1-0"]
[WhiteElo "2402"]
[BlackElo "2308"]

1.e4 d6 2.d4 Nf6 3.Nc3 e5 4.Nf3 Nbd7 5.Bc4 Be7 6.O-O O-O 7.Re1 c6 8.a4 a5
9.b3 exd4 10.Qxd4 Qb6 11.Ba3 Qxd4 12.Nxd4 Nc5 13.Rad1 Re8 14.e5 dxe5 15.Rxe5 Bg4
16.f3 Nfd7 17.Rxe7 Rxe7 18.fxg4 Re3 19.Nce2 g6 20.Rf1 Re7 21.Nf4 Re4 22.c3 Rae8
23.Nh3 Ne6 24.Nxe6 fxe6 25.Ng5 Re5 26.Nf7 Re3 27.Nh6+ Kh8 28.g5 Nb6 29.Be7 Nd7
30.Rf7 Re4 31.g4 Re1+ 32.Kf2 Re4 33.h4 e5 34.h5 gxh5 35.gxh5 Rf4+ 36.Rxf4 exf4
37.Nf5  1-0

[Event "12th NATO"]
[Site "San Remo ITA"]
[Date "2001.10.11"]
[Round "6"]
[White "Mai,P"]
[Black "Lebel,P"]
[Result "1-0"]
[WhiteElo "2274"]
[BlackElo "2171"]

1.e4 d6 2.d4 Nf6 3.Nc3 e5 4.dxe5 dxe5 5.Qxd8+ Kxd8 6.Bc4 Be6 7.Bxe6 fxe6
8.f3 Bc5 9.Bg5 h6 10.Bh4 Nc6 11.O-O-O+ Ke7 12.Nh3 Rad8 13.Bf2 Rxd1+ 14.Rxd1 Bxf2
15.Nxf2 Rd8 16.Nd3 b6 17.Nb5 Rc8 18.a4 Nd7 19.c3 a6 20.Na3 Nd8 21.Nc4 Nf7
22.Kc2 c5 23.a5 b5 24.Nb6 Nxb6 25.axb6 c4 26.Nb4 Nd8 27.Nxa6 Nb7 28.Nb4 Nc5
29.Ra1 Nb3 30.Ra7+ Kf6 31.b7 Rd8 32.Nd5+ exd5 33.Ra8 Rd7 34.b8=Q  1-0

[Event "Essent Open"]
[Site "Hoogeveen NED"]
[Date "2001.10.12"]
[Round "1"]
[White "Vuilleumier,A"]
[Black "Klinova,M"]
[Result "0-1"]
[WhiteElo "2150"]
[BlackElo "2407"]

1.e4 d6 2.d4 Nf6 3.Nc3 c6 4.h3 Nbd7 5.Nf3 e5 6.a4 Be7 7.Bc4 O-O 8.Bb3 exd4
9.Qxd4 Nc5 10.Ba2 Be6 11.Bxe6 fxe6 12.O-O d5 13.exd5 exd5 14.b4 Nce4 15.Bb2 c5
16.bxc5 Bxc5 17.Qd3 Nxf2 18.Rxf2 Bxf2+ 19.Kxf2 Qb6+ 20.Kf1 Qxb2 21.Rb1 Qa3
22.Rxb7 Qc1+ 23.Qd1 Qxd1+ 24.Nxd1 Rfb8 25.Re7 Re8 26.Rb7 Rab8  0-1

[Event "TCh-ESP"]
[Site "Cala Galdana ESP"]
[Date "2001.10.13"]
[Round "9"]
[White "Del Rio Angelis,S"]
[Black "Teran Alvarez,I"]
[Result "1-0"]
[WhiteElo "2489"]
[BlackElo "2396"]

1.e4 d6 2.d4 Nf6 3.Nc3 e5 4.Nf3 Nbd7 5.Bc4 Be7 6.O-O O-O 7.Re1 c6 8.a4 a5
9.b3 exd4 10.Qxd4 Nc5 11.Bb2 Kh8 12.Rad1 Ng4 13.h3 Nh6 14.Nb5 Bf6 15.e5 Nf5
16.Qc3 Be7 17.Nxd6 Nxd6 18.exd6 Bf6 19.Ne5 Nd7 20.Qf3 Nxe5 21.Bxe5 Bxe5 22.Rxe5 Be6
23.Bxe6 fxe6 24.Qe2 Qh4 25.Rxe6 Rad8 26.d7 h6 27.Re8 Qf6 28.Rd3 Kh7 29.Qe4+ g6
30.Rf3 Qa1+ 31.Kh2 Rxf3 32.Qe7+ Qg7 33.Qxg7+  1-0

[Event "FSIMB October"]
[Site "Budapest HUN"]
[Date "2001.10.14"]
[Round "9"]
[White "Reiss,T"]
[Black "Rebers,E"]
[Result "1/2-1/2"]
[WhiteElo "2269"]
[BlackElo "2315"]

1.d4 d6 2.e4 Nf6 3.Nc3 e5 4.Nf3 Nbd7 5.Bc4 Be7 6.O-O O-O 7.Re1 c6 8.a4 b6
9.d5 cxd5 10.Nxd5 Nxd5 11.Bxd5 Rb8 12.Qd3 h6 13.Bd2 Nf6 14.Bb3 Bb7 15.Rad1 Rc8
16.Bb4 Qc7 17.Nh4 Nd5 18.Bxd5 Bxh4 19.Bxb7 Qxb7 20.Bxd6 Rfd8 21.Qe2 Qc6 22.Bxe5 Rxd1
23.Rxd1 Qxc2 24.Qxc2 Rxc2 25.g3 Bf6 26.Bxf6 gxf6 27.b3 Rc3 28.Rd7 a5 29.Rd6 Rxb3
30.Rxf6 Kg7 31.e5 Rb4 32.Kg2 b5 33.axb5 Rxb5 34.f4 Rb2+ 35.Kh3 h5 36.Rf5 Kg6
37.Rg5+ Kh6 38.e6 fxe6 39.Re5 a4 40.Rxe6+ Kg7 41.Ra6 Ra2 42.Ra5 Kg6 43.Ra6+ Kg7
44.Ra5 Kg6 45.Rg5+ Kh6 46.g4 hxg4+ 47.Rxg4 Ra3+ 48.Kh4 Rf3 49.f5 Rxf5  1/2-1/2

[Event "Essent Open"]
[Site "Hoogeveen NED"]
[Date "2001.10.14"]
[Round "3"]
[White "Afek,Y"]
[Black "Ellenbroek,T"]
[Result "1-0"]
[WhiteElo "2369"]
[BlackElo "2117"]

1.e4 d6 2.d4 Nf6 3.Nc3 e5 4.Nf3 Nbd7 5.Bc4 Be7 6.O-O O-O 7.a4 c6 8.Re1 b6
9.d5 cxd5 10.Bxd5 Nxd5 11.Nxd5 Bb7 12.c4 Nf6 13.Nxf6+ Bxf6 14.b3 Qc7 15.Ba3 Be7
16.Qe2 a6 17.Nd2 Bc6 18.Nb1 Rab8 19.Nc3 Qb7 20.Red1 Rfd8 21.Bb4 Rd7 22.Nd5 Bf8
23.Rd3 Kh8 24.Rad1 Rc8 25.Rh3 Bxd5 26.Rxd5 g6 27.Rhd3 Rc6 28.Qd1 b5 29.axb5 axb5
30.Rxb5 Rb6 31.Rxb6 Qxb6 32.Bc3 Ra7 33.g3 Kg8 34.Kg2 Ra2 35.Rf3 Qb7 36.Qd5 Qxd5
37.cxd5 f5 38.exf5 e4 39.Rf4 e3 40.fxg6 hxg6 41.Rf6 g5 42.Rf3 e2 43.Re3 g4
44.Re4 Kh7 45.Rxg4 Rc2 46.Bb4 Rb2 47.Kf3 Bg7 48.Re4 Rxb3+ 49.Kxe2 Rb2+ 50.Kf1 Rb1+
51.Kg2 Rd1 52.Bxd6  1-0

[Event "Essent Open"]
[Site "Hoogeveen NED"]
[Date "2001.10.15"]
[Round "4"]
[White "Jens,J"]
[Black "Ellenbroek,T"]
[Result "1-0"]
[WhiteElo "2318"]
[BlackElo "2117"]

1.e4 d6 2.d4 Nf6 3.Nc3 e5 4.Nge2 Nbd7 5.g3 Be7 6.Bg2 O-O 7.O-O c6 8.a4 a5
9.h3 exd4 10.Nxd4 Nc5 11.g4 d5 12.exd5 Nxd5 13.Nxd5 cxd5 14.Be3 Ne4 15.c3 f5
16.Qb3 Kh8 17.gxf5 Bxf5 18.Nxf5 Rxf5 19.Rad1 Nc5 20.Bxc5 Bxc5 21.Qxb7 Qf8
22.Rd2 Ra7 23.Qb3 Raf7 24.Qc2 Qd6 25.c4 d4 26.Re1 Rf8 27.Ree2 Qf6 28.Qd3 Rf4
29.Rc2 Qh4 30.Re4 h6 31.Rxf4 Qxf4 32.Qe4 Qf6 33.Kh1 Rd8 34.Rd2 Qd6 35.Bf1 Qd7
36.Kg2 Re8 37.Qg4 Qc6+ 38.Qf3 Qg6+ 39.Kh1 Rf8 40.Qg2 Qf6 41.Bd3 Re8 42.Re2 Rxe2
43.Bxe2 Qf5 44.Qa8+ Bf8 45.Kg2 Kh7 46.Qf3 g6 47.Bd3 Qg5+ 48.Qg3 Qf6 49.Qc7+ Bg7
50.Qxa5 Qf4 51.Qd5 Be5 52.Qd7+ Bg7 53.Qg4 Qd6 54.h4 Qc6+ 55.Kg1 Kg8 56.Qxg6 Qxa4
57.Qe6+ Kf8 58.Bg6 Qa1+ 59.Kh2  1-0

[Event "It"]
[Site "Durres ALB"]
[Date "2001.10.17"]
[Round "6"]
[White "Dervishi,E"]
[Black "Georgiev,Vl"]
[Result "1-0"]
[WhiteElo "2501"]
[BlackElo "2564"]

1.e4 d6 2.d4 Nf6 3.Nc3 e5 4.Nf3 Nbd7 5.Bc4 Be7 6.O-O O-O 7.Re1 c6 8.a4 a5
9.h3 exd4 10.Nxd4 Nc5 11.Bf4 Be6 12.Bf1 Qb6 13.Qf3 d5 14.exd5 Nxd5 15.Be5 Nd7
16.Nf5 Nxe5 17.Nxe7+ Nxe7 18.Rxe5 Ng6 19.Re3 Nh4 20.Qh5 Nf5 21.Rf3 g6 22.Qg5 Qxb2
23.Re1 Rae8 24.g4 Nd4 25.Rd3 Bc4 26.Rxe8 Rxe8 27.Rxd4 Qxc3 28.Rxc4 Qe1 29.Rd4 Re2
30.Qf6 Re7 31.Rd8+ Re8 32.Rd7  1-0